| Tag |
First Indicator |
Second Indicator |
Subfields |
| LEADER |
00000cam a2200000 i 4500 |
| 001 |
in00004814721 |
| 007 |
ta |
| 008 |
970205s1997 nyu b 001 0 eng |
| 005 |
20240808153019.1 |
| 010 |
|
|
|a 97001855
|
| 035 |
|
|
|a (OCoLC)ocm36379708
|
| 040 |
|
|
|a DLC
|b eng
|e rda
|c DLC
|d NLM
|d UKM
|d NLC
|d XDM
|d BAKER
|d TBS
|d BTCTA
|d YDXCP
|d LVB
|d NLGGC
|d TEX
|d UBC
|d DEBBG
|d NSB
|d OCLCF
|d P4I
|d OCLCQ
|d ZGH
|d OCLCQ
|d FC@
|d LGG
|d DDD
|d OCLCQ
|d CSJ
|d OCLCO
|d XFF
|d DHA
|d OCLCA
|d PX9
|d OCLCA
|d OCLCQ
|d CD5
|d OCLCQ
|d OCLCO
|d CNO
|d TYC
|d DUD
|d BOS
|d CPO
|d OCLCQ
|d OCLCO
|d MAFCI
|d AU@
|d OCLCQ
|d OCLCO
|d OCLCQ
|d OCLCO
|d NQG
|d IEUOL
|d OCLCQ
|d SAB
|d OCLCQ
|d IL4J6
|d OCLCO
|d CSB
|d UKMGB
|d OCL
|d OCLCO
|d OCLCL
|d DVP
|d OCLCL
|d DEEMS
|d OCLCQ
|d DVP
|
| 015 |
|
|
|a GB9775699
|2 bnb
|
| 015 |
|
|
|a 980081955
|2 can
|
| 016 |
|
|
|a (AMICUS)000016409780
|
| 016 |
7 |
|
|a 9802111
|2 DNLM
|
| 016 |
7 |
|
|a BA33687923
|2 JP-ToKJK
|
| 016 |
7 |
|
|a 011953094
|2 Uk
|
| 019 |
|
|
|a 38112618
|a 762154348
|a 779688545
|a 1055693252
|a 1201951169
|a 1314376046
|a 1327903609
|a 1418855927
|
| 020 |
|
|
|a 0393045358
|
| 020 |
|
|
|a 9780393045352
|
| 020 |
|
|
|a 0393318486
|q (pbk.)
|
| 020 |
|
|
|a 9780393318487
|q (pbk.)
|
| 020 |
|
|
|z 0965838048
|
| 020 |
|
|
|z 0393045458
|
| 020 |
|
|
|z 0393045658
|
| 020 |
|
|
|a 9780393334777
|
| 020 |
|
|
|a 0393334775
|
| 029 |
1 |
|
|a AU@
|b 000013081165
|
| 029 |
1 |
|
|a DEBBG
|b BV011866413
|
| 029 |
1 |
|
|a HEBIS
|b 058905529
|
| 029 |
1 |
|
|a NLC
|b 000016409780
|
| 029 |
1 |
|
|a NLGGC
|b 29794066X
|
| 029 |
1 |
|
|a NLM
|b 9802111
|
| 029 |
1 |
|
|a NZ1
|b 4897305
|
| 029 |
1 |
|
|a YDXCP
|b 1403700
|
| 029 |
1 |
|
|a AU@
|b 000068489888
|
| 029 |
1 |
|
|a UKMGB
|b 011953094
|
| 035 |
|
|
|a (OCoLC)36379708
|z (OCoLC)38112618
|z (OCoLC)762154348
|z (OCoLC)779688545
|z (OCoLC)1055693252
|z (OCoLC)1201951169
|z (OCoLC)1314376046
|z (OCoLC)1327903609
|z (OCoLC)1418855927
|
| 050 |
0 |
0 |
|a QP360.5
|b .P56 1997
|
| 055 |
0 |
1 |
|a QP360.5
|
| 060 |
0 |
0 |
|a 1998 A-661
|
| 060 |
1 |
0 |
|a WL 103.5
|b P655h 1997
|
| 072 |
|
7 |
|a coll1
|2 lacc
|
| 082 |
0 |
0 |
|a 153
|2 21
|
| 084 |
|
|
|a 77.31
|2 bcl
|
| 084 |
|
|
|a cci1icc
|2 lacc
|
| 084 |
|
|
|a coll1
|2 lacc
|
| 084 |
|
|
|a 141.5
|2 njb/8
|
| 084 |
|
|
|a 141.5
|2 njb/9
|
| 084 |
|
|
|a CP 4000
|2 rvk
|
| 084 |
|
|
|a CP 1000
|2 rvk
|
| 084 |
|
|
|a ER 900
|2 rvk
|
| 084 |
|
|
|a ER 810
|2 rvk
|
| 049 |
|
|
|a MAIN
|
| 100 |
1 |
|
|a Pinker, Steven,
|d 1954-
|1 https://id.oclc.org/worldcat/entity/E39PBJmP9Pkh9Yxg4V6g4994bd
|0 http://id.loc.gov/authorities/names/n82245455,
|e author
|
| 245 |
1 |
0 |
|a How the mind works /
|c Steven Pinker.
|
| 264 |
|
1 |
|a New York :
|b Norton,
|c [1997]
|
| 264 |
|
4 |
|c ©1997
|
| 300 |
|
|
|a xii, 660 pages ;
|c 25 cm
|
| 336 |
|
|
|a text
|b txt
|2 rdacontent
|
| 337 |
|
|
|a unmediated
|b n
|2 rdamedia
|
| 338 |
|
|
|a volume
|b nc
|2 rdacarrier
|
| 504 |
|
|
|a Includes bibliographical references (pages 589-625) and index.
|
| 505 |
0 |
|
|a Standard equipment -- Thinking machines -- Revenge of the nerds -- The mind's eye -- Good ideas -- Hotheads -- Family values -- The meaning of life.
|
| 520 |
|
|
|a In this book the author, a cognitive scientist explains how the brain evolved to store and use information, allowing our ancestors to control their environment, and why we think and act as we do. He explains what the mind is, how it evolved, and how it allows us to see, think, feel, laugh, interact, enjoy the arts, and ponder the mysteries of life. This work explains many of the imponderables of everyday life. Why does a face look more attractive with makeup? How do "Magic-Eye" 3-D stereograms work? Why do we feel that a run of heads makes the coin more likely to land tails? Why is the thought of eating worms disgusting? Why do men challenge each other to duels and murder their ex-wives? Why are children bratty? Why do fools fall in love? Why are we soothed by paintings and music? And why do puzzles like the self, free will, and consciousness leave us dizzy? The arguments in the book are as bold as its title. The author rehabilitates unfashionable ideas, such as that the mind is a computer and that human nature was shaped by natural selection. And he challenges fashionable ones, such as that passionate emotions are irrational, that parents socialize their children, that creativity springs from the unconscious, that nature is good and modern society corrupting, and that art and religion are expressions of our higher spiritual yearnings.
|
| 540 |
|
|
|a British Library not licensed to copy
|c 0.
|5 Uk
|
| 586 |
|
|
|a Pulitzer Prize for General Nonfiction Finalist, 1998
|
| 586 |
|
|
|a Los Angeles Times Book Prize for Science and Technology, 1997
|
| 590 |
|
|
|b TAG Physical Holdings 2
|
| 610 |
2 |
7 |
|a Geist
|g Musikgruppe
|2 gnd
|
| 630 |
0 |
7 |
|a Bewusstsein
|g Zusammenstellung
|2 gnd
|
| 650 |
|
0 |
|a Cognitive neuroscience.
|0 http://id.loc.gov/authorities/subjects/sh91005166
|
| 650 |
|
0 |
|a Neuropsychology.
|0 http://id.loc.gov/authorities/subjects/sh85091163
|
| 650 |
|
0 |
|a Natural selection.
|0 http://id.loc.gov/authorities/subjects/sh85090264
|
| 650 |
|
0 |
|a Human evolution.
|0 http://id.loc.gov/authorities/subjects/sh85062868
|
| 650 |
|
0 |
|a Psychology.
|0 http://id.loc.gov/authorities/subjects/sh85108459
|
| 650 |
|
0 |
|a Evolution (Biology)
|0 http://id.loc.gov/authorities/subjects/sh90004042
|
| 650 |
|
1 |
|a Neuropsychology.
|
| 650 |
1 |
2 |
|a Neuropsychology
|
| 650 |
2 |
2 |
|a Biological Evolution
|
| 650 |
2 |
2 |
|a Cognition
|x physiology
|
| 650 |
2 |
2 |
|a Selection, Genetic
|
| 650 |
|
2 |
|a Psychology
|
| 650 |
|
3 |
|a Human evolution.
|
| 650 |
|
6 |
|a Neurosciences cognitives.
|
| 650 |
|
6 |
|a Neuropsychologie.
|
| 650 |
|
6 |
|a Sélection naturelle.
|
| 650 |
|
6 |
|a Êtres humains
|x Évolution.
|
| 650 |
|
6 |
|a Psychologie.
|
| 650 |
|
6 |
|a Évolution (Biologie)
|
| 650 |
|
7 |
|a psychology.
|2 aat
|
| 650 |
|
7 |
|a evolution.
|2 aat
|
| 650 |
|
7 |
|a Evolution (Biology)
|2 fast
|
| 650 |
|
7 |
|a Cognitive neuroscience
|2 fast
|
| 650 |
|
7 |
|a Human evolution
|2 fast
|
| 650 |
|
7 |
|a Natural selection
|2 fast
|
| 650 |
|
7 |
|a Neuropsychology
|2 fast
|
| 650 |
|
7 |
|a Psychology
|2 fast
|
| 650 |
|
7 |
|a Evolution
|2 gnd
|
| 650 |
|
7 |
|a Gehirn
|2 gnd
|
| 650 |
|
7 |
|a Kognitionswissenschaft
|2 gnd
|
| 650 |
|
7 |
|a Kognitive Psychologie
|2 gnd
|
| 650 |
|
7 |
|a Neuropsychologie
|2 gnd
|
| 650 |
|
7 |
|a Geist
|2 gnd
|
| 650 |
1 |
7 |
|a Cognitieve processen.
|2 gtt
|
| 650 |
|
7 |
|a Consciousness.
|2 nli
|
| 650 |
|
7 |
|a Cognitive neuroscience.
|2 nli
|
| 650 |
|
7 |
|a Neuropsychology.
|2 nli
|
| 650 |
|
7 |
|a Natural selection.
|2 nli
|
| 650 |
|
7 |
|a Human evolution.
|2 nli
|
| 653 |
|
|
|a Cognitive neuroscience
|
| 653 |
|
|
|a Neuropsychology
|
| 653 |
|
|
|a Natural selection
|
| 653 |
|
|
|a Human evolution
|
| 653 |
|
|
|a Psychology
|
| 655 |
|
7 |
|a Adventure.
|2 migfg
|
| 758 |
|
|
|i has work:
|a How the mind works (Text)
|1 https://id.oclc.org/worldcat/entity/E39PCGYRg4YJQcwgRYJjp4bjmd
|4 https://id.oclc.org/worldcat/ontology/hasWork
|
| 856 |
|
|
|u http://www.amazon.com/How-Mind-Works-Steven-Pinker/dp/0393334775/ref=tmm_pap_swatch_0?_encoding=UTF8&qid=&sr=
|
| 938 |
|
|
|a Baker & Taylor
|b BKTY
|c 29.95
|d 22.46
|i 0393045358
|n 0002978729
|s active
|
| 938 |
|
|
|a Baker and Taylor
|b BTCP
|n 97001855 //r97
|
| 938 |
|
|
|a YBP Library Services
|b YANK
|n 1403700
|
| 994 |
|
|
|a 92
|b TAG
|
| 852 |
|
|
|a TAG
|b TAGC
|c galv,stk
|h QP360.5 .P56 1997
|t c.1
|
| 876 |
|
|
|c 30.00
|p 33620000816807
|x ACC#: 98-1005
|v unmediated -- volume
|
| 999 |
f |
f |
|s bd432ea8-c4d1-42a4-9cfd-d78bc6475722
|i ee3b0aea-7270-4fb6-b740-247b479f1923
|t 0
|
| 952 |
f |
f |
|p normal
|a Texas A&M University
|b Galveston Campus
|c Jack K. Williams Library
|d Galveston Stacks
|t 0
|e QP360.5 .P56 1997
|h Library of Congress classification
|i unmediated -- volume
|m 33620000816807
|
| 998 |
f |
f |
|a QP360.5 .P56 1997
|t 0
|l Galveston Stacks
|